Алхимики. Погребенные: роман

Manylion Llyfryddiaeth
Prif Awdur: Майер К. Кай
Awduron Eraill: Щекина П (переводчик)
Crynodeb:Мир алхимии, леденящие душу секреты и самая невероятная история любви — все это в романе признанного мастера мистики и готики, знаменитого немецкого писателя Кая Майера. Что ждет Ауру Инститорис, выросшую в мрачном замке на острове? Правда о ее рождении или предательство близких? Блуждание по жутким венским подземельям или разгадка древних тайн алхимии? Вражда, которая длится уже семь столетий, или любовь всей жизни?
Iaith:Rwseg
Cyhoeddwyd: Москва, Росмэн, 2017
Cyfres:Алхимики
Pynciau:
Fformat: Llyfr
KOHA link:https://koha.lib.tpu.ru/cgi-bin/koha/opac-detail.pl?biblionumber=379528

MARC

LEADER 00000nam0a2200000 4500
001 379528
005 20240124110035.0
010 |a 978-5-353-08505-8 
035 |a (RuTPU)RU\TPU\retro\36995 
090 |a 379528 
100 |a 20231018d2017 m||y0rusy50 ca 
101 1 |a rus  |c ger 
102 |a RU 
105 |a y z 000ay 
181 0 |a i   |b  e  
182 0 |a n 
183 0 |a nc  |2 RDAcarrier 
200 1 |a Алхимики. Погребенные  |e роман  |f Кай Майер  |g пер. с нем. П. Щекиной 
203 |a Текст  |b визуальный  |c непосредственный 
210 |a Москва  |c Росмэн  |d 2017 
215 |a 557 с. 
225 1 |a Алхимики 
283 |a volume  |2 RDAcarrier 
330 |a Мир алхимии, леденящие душу секреты и самая невероятная история любви — все это в романе признанного мастера мистики и готики, знаменитого немецкого писателя Кая Майера. Что ждет Ауру Инститорис, выросшую в мрачном замке на острове? Правда о ее рождении или предательство близких? Блуждание по жутким венским подземельям или разгадка древних тайн алхимии? Вражда, которая длится уже семь столетий, или любовь всей жизни? 
606 1 |a Немецкая литература  |9 64612 
610 1 |a художественная литература 
610 1 |a романы 
610 1 |a мистика 
610 1 |a готика 
675 |a 83  |v 4  |z rus 
700 1 |a Майер  |b К.  |g Кай 
702 1 |4 730  |a Щекина  |b П 
801 1 |a RU  |b 63413507  |c 20231018 
801 2 |a RU  |b 63413507  |c 20231018  |g RCR 
942 |c BK